|
|
|
|
| LEADER |
03392cam a2200433 i 4500 |
| 001 |
AAL8697 |
| 003 |
BD-DhAAL |
| 005 |
20160718112527.0 |
| 008 |
120427s2012 nyu 000 1 eng |
| 010 |
|
|
|a 2012372647
|
| 020 |
|
|
|a 9781455508969 (movie tiein pbk.)
|
| 020 |
|
|
|a 9780751542318
|
| 040 |
|
|
|a DLC
|b eng
|c DLC
|e rda
|d DLC
|d BD-DhAAL
|
| 050 |
0 |
0 |
|a PS3569.P363
|b L83 2012
|
| 082 |
0 |
0 |
|a 813/.54
|2 23
|
| 100 |
1 |
|
|a Sparks, Nicholas.
|9 19966
|
| 245 |
1 |
4 |
|a The lucky one /
|c Nicholas Sparks.
|
| 250 |
|
|
|a First movie tie-in edition.
|
| 260 |
|
|
|a London :
|a New York :
|b Sphere,
|b Grand Central Publishing,
|c 2008.
|c 2012.
|
| 300 |
|
|
|a 334 p. ;
|c 18 cm
|
| 651 |
|
0 |
|a North Carolina
|v Fiction.
|9 19967
|
| 655 |
|
7 |
|a Romantic suspense fiction.
|2 gsafd
|9 19968
|
| 655 |
|
7 |
|a Love stories.
|2 gsafd
|9 19969
|
| 852 |
|
|
|a Savar Campus Library
|c General Shelf
|
| 942 |
|
|
|2 ddc
|c BK
|
| 999 |
|
|
|c 37673
|d 37673
|
| 952 |
|
|
|0 0
|1 0
|2 ddc
|4 0
|6 813_000000000000000__54_SPA
|7 0
|9 59304
|a SCL
|b SCL
|c GEN
|d 2016-07-18
|e Tajin Boi Gar
|g 90.00
|l 12
|m 57
|o 813.54 SPA
|p 3020008697
|r 2024-01-27
|s 2024-01-21
|t 1
|w 2016-07-18
|y BK
|
| 952 |
|
|
|0 0
|1 0
|2 ddc
|4 0
|6 813_000000000000000__54_SPA
|7 0
|9 59305
|a SCL
|b SCL
|c GEN
|d 2016-07-18
|e Tajin Boi Gar
|g 90.00
|l 13
|m 45
|o 813.54 SPA
|p 3020008698
|r 2019-12-03
|s 2019-09-29
|t 2
|w 2016-07-18
|y BK
|
| 952 |
|
|
|0 0
|1 0
|2 ddc
|4 0
|6 813_000000000000000__54_SPA
|7 0
|9 59401
|a SCL
|b SCL
|c GEN
|d 2016-07-23
|e Tajin Boi Gar
|g 90.00
|l 13
|m 46
|o 813.54 SPA
|p 3020008699
|r 2023-11-06
|s 2023-10-28
|t 3
|w 2016-07-23
|y BK
|
| 952 |
|
|
|0 0
|1 0
|2 ddc
|4 0
|6 813_000000000000000__54_SPA
|7 0
|9 60293
|a SCL
|b SCL
|c GEN
|d 2017-04-19
|e Tajin Boi Ghar
|g 80.00
|l 10
|m 70
|o 813.54 SPA
|p 3020008837
|r 2019-11-20
|s 2019-09-22
|t 4
|w 2017-04-19
|y BK
|
| 952 |
|
|
|0 0
|1 0
|2 ddc
|4 0
|6 813_000000000000000__54_SPA
|7 0
|9 60294
|a SCL
|b SCL
|c GEN
|d 2017-04-19
|e Tajin Boi Ghar
|g 80.00
|l 9
|m 38
|o 813.54 SPA
|p 3020008838
|r 2019-12-03
|s 2019-09-22
|t 5
|w 2017-04-19
|y BK
|
| 952 |
|
|
|0 0
|1 0
|2 ddc
|4 0
|6 813_000000000000000__54_SPA
|7 0
|9 60295
|a SCL
|b SCL
|c GEN
|d 2017-04-19
|e Tajin Boi Ghar
|g 80.00
|l 12
|m 48
|o 813.54 SPA
|p 3020008839
|r 2022-06-13
|s 2022-06-01
|t 6
|w 2017-04-19
|y BK
|
| 952 |
|
|
|0 0
|1 0
|2 ddc
|4 0
|6 813_000000000000000__54_SPA
|7 0
|9 60296
|a SCL
|b SCL
|c GEN
|d 2017-04-19
|e Tajin Boi Ghar
|g 80.00
|l 14
|m 45
|o 813.54 SPA
|p 3020008840
|r 2020-02-09
|s 2020-01-20
|t 7
|w 2017-04-19
|y BK
|
| 952 |
|
|
|0 0
|1 0
|2 ddc
|4 0
|6 813_000000000000000__54_SPA
|7 0
|9 60297
|a SCL
|b SCL
|c GEN
|d 2017-04-19
|e Tajin Boi Ghar
|g 80.00
|l 10
|m 46
|o 813.54 SPA
|p 3020008841
|r 2019-11-24
|s 2019-09-24
|t 8
|w 2017-04-19
|y BK
|
| 952 |
|
|
|0 0
|1 0
|2 ddc
|4 0
|6 813_000000000000000__54_SPA
|7 0
|9 61196
|a SCL
|b SCL
|c GEN
|d 2017-09-14
|e Tajin Boi Ghar
|g 100.00
|l 9
|m 71
|o 813.54 SPA
|p 3020009274
|r 2019-11-19
|s 2019-09-22
|t 9
|w 2017-09-14
|y BK
|
| 952 |
|
|
|0 0
|1 0
|2 ddc
|4 0
|6 813_000000000000000__54_SPA
|7 0
|9 61197
|a SCL
|b SCL
|c GEN
|d 2017-09-14
|e Tajin Boi Ghar
|g 100.00
|l 9
|m 58
|o 813.54 SPA
|p 3020009275
|r 2020-03-08
|s 2020-01-22
|t 10
|w 2017-09-14
|y BK
|
| 952 |
|
|
|0 0
|1 0
|2 ddc
|4 0
|6 813_000000000000000__54_SPA
|7 0
|9 61198
|a SCL
|b SCL
|c GEN
|d 2017-09-14
|e Tajin Boi Ghar
|g 100.00
|l 11
|m 39
|o 813.54 SPA
|p 3020009276
|r 2024-06-10
|s 2024-06-10
|t 11
|w 2017-09-14
|y BK
|
| 952 |
|
|
|0 0
|1 0
|2 ddc
|4 0
|6 813_000000000000000__54_SPA
|7 0
|9 61199
|a SCL
|b SCL
|c GEN
|d 2017-09-14
|e Tajin Boi Ghar
|g 100.00
|l 9
|m 38
|o 813.54 SPA
|p 3020009277
|r 2020-03-10
|s 2020-01-16
|t 12
|w 2017-09-14
|y BK
|
| 952 |
|
|
|0 0
|1 0
|2 ddc
|4 0
|6 813_000000000000000__54_SPA
|7 0
|9 61200
|a SCL
|b SCL
|c GEN
|d 2017-09-14
|e Tajin Boi Ghar
|g 100.00
|l 11
|m 61
|o 813.54 SPA
|p 3020009278
|r 2024-06-10
|s 2024-06-02
|t 13
|w 2017-09-14
|y BK
|